=LDR 00000nam 2200000 4500 =001 INLIS000000000015537 =005 20130612110822 =008 ***********************************Inggris** =035 ##$$0010-061300000015537 =041 ##$$a Inggris =082 ##$$a R.530.078 =090 ##$$a R.530.078, Web i =100 ##$$a Webster, Vera R =245 ##$$a Science Experiments, Vera R. Websten =260 ##$$a 1982 $b Chicago =300 ##$$a 45 hlm, ilus, 21 cm =650 ##$$a Ilmu Pengetahuan-Percobaan-Bacaan Anak =850 ##$$a NBPNMAT